|
|
|
|
| LEADER |
01576njm a2200373 a 4500 |
| 001 |
000586788 |
| 003 |
CZ BrMZK |
| 005 |
20020320113051.0 |
| 008 |
020211s2001 xr f cze d |
| 028 |
0 |
1 |
|a 54 489-2
|b Popron Music
|
| 040 |
|
|
|a BOA001
|a BOA001
|b cze
|
| 041 |
0 |
|
|a cze
|a eng
|
| 080 |
|
|
|a (086.7)
|2 MRF
|
| 080 |
|
|
|a 785.16
|2 MRF
|
| 100 |
1 |
|
|a Vančura, Jan,
|d 1947-
|7 jx20071109045
|4 sng
|
| 245 |
1 |
0 |
|a Vítám vás--
|h [zvukový záznam]
|
| 260 |
|
|
|a Praha :
|b Popron,
|c p2001
|
| 300 |
|
|
|a 1 zvuková deska (44:32) :
|b Dolby HX Pro ;
|c 12 cm +
|e 1 brožura [8 s.]
|
| 306 |
|
|
|a 004432
|
| 490 |
1 |
|
|a Zlaté hity
|
| 500 |
|
|
|a Nahráno ve studiu Audio-Kokpit v květnu 2001
|
| 500 |
|
|
|a Vydáno také na kazete s objednacím číslem 54489-2
|
| 500 |
|
|
|a Kompaktní deska
|
| 505 |
0 |
0 |
|t Láska je věc kouzelná --
|t Trpasličí svatba --
|t Pole s bavlnou --
|t Modrý měsíc --
|t Mám radost --
|t Brnění --
|t Drak od bílé skály --
|t Vítám vás --
|t Kopej hrob můj --
|t Zvedněte kotvy --
|t Jestli se chceš stát mou ženou --
|t Ve svých rukou mám --
|t Kamarád --
|t House of the rising sun --
|t Krčma blues
|
| 511 |
0 |
|
|a Doprovází sbor, instrumentalisté a Studiový orchestr za řízení Pavla Krejči
|
| 511 |
0 |
|
|a Jan Vančura, zpěv
|
| 650 |
0 |
4 |
|a tradicionaly
|
| 655 |
|
4 |
|a populární hudba
|
| 655 |
|
4 |
|a country
|
| 700 |
1 |
|
|a Krejča, Pavel,
|d 1944-2021
|7 xx0016545
|4 cnd
|4 prf
|
| 830 |
|
0 |
|a Zlaté hity
|
| 910 |
|
|
|a BOA001
|b CD-0010.116
|
| 990 |
|
|
|a AV
|
| 996 |
6 |
|
|b 261H010986
|c CD-0010.116
|l MZK
|r Sklad / do 24 hodin
|n 0
|w 000586788
|u 000010
|a 1
|e BOA001
|j MZK50
|s P
|